000
00502nam a2200145Ia 4500
008
090122s9999 xx 000 0 und d
082
_b
7410
_a
920.71
100
_a
कदम
_b
बाबा
245
_a
स्वातंत्र्याच्या दिशेने
600
_a
कदम
630
_a
स्वातंत्र्याच्या दिशेने
700
_a
कदम
730
_a
स्वातंत्र्याच्या दिशेने
942
_c
BOOK
999
_c
31487
_d
31487